00287nam a2200097 a 450000500170000000800410001705000180005810000060007624500650008226000420014720140414131856.0100828s19uu xx 00 eng d aFILbM92 1989 a  aMunting sinag-araw :bAno ang naitutulong ng sikat ng araw?. aManila, Philippines :bAdarna,c1981.